000 00328nam a2200133Ia 4500
005 20251222140111.0
008 251222s1900||||xx |||||||||||||| ||spa||
020 _a8431622237
082 _a160/M84
100 _aMontaner, Pedro
245 0 _aTeoría Práctica de la Lógica Proporcional
264 _bVicens-Vives
942 _cLIB
999 _c4292
_d4292